[Event "La Zubia op"]
[Site "La Zubia"]
[Date "2023.12.09"]
[Round "6"]
[White "Moral Garcia, Serafin"]
[Black "Sukhodolskyi, Oleksii"]
[Result "1-0"]
[WhiteElo "2274"]
[BlackElo "1732"]
[PlyCount "115"]
[EventDate "2023.12.07"]
[EventType "swiss"]
[EventRounds "7"]
[EventCountry "ESP"]
[SourceTitle "CB50_2023"]
[SourceDate "2023.12.13"]
[SourceVersion "1"]
[SourceVersionDate "2023.12.13"]
[SourceQuality "1"]

1. e4 e5 2. Bc4 Nc6 3. Nc3 Nf6 4. d3 Bc5 5. f4 d6 6. Nf3 Bg4 7. h3 Bxf3 8. Qxf3 Nd4 9. Qd1 h5 10. a3 a5 11. Rf1 Nd7 12. g3 c6 13. Ne2 Nxe2 14. Qxe2 b5 15. Ba2 b4 16. c3 f6 17. d4 Bb6 18. Qc4 Qe7 19. Qxc6 Ra7 20. fxe5 dxe5 21. dxe5 Qxe5 22. Bf4 Rc7 23. Qa8+ Ke7 24. Bxe5 Rxa8 25. Bxc7 Bxc7 26. Kf2 Bb6+ 27. Ke2 Rc8 28. Rac1 bxa3 29. bxa3 Bc5 30. a4 Ba3 31. Rc2 Nc5 32. Bd5 Nxa4 33. Ra1 Nxc3+ 34. Kd3 Bb4 35. Rac1 Kd6 36. Rxc3 Rxc3+ 37. Rxc3 Bxc3 38. Kxc3 h4 39. g4 Ke5 40. Bc6 a4 41. Bxa4 Kxe4 42. Bd7 g5 43. Bc8 Kf3 44. Kd4 Kg3 45. Ke4 Kxh3 46. Kf5 Kg3 47. Kxf6 Kf4 48. Kg6 h3 49. Kh5 h2 50. Bb7 Kg3 51. Kxg5 Kh3 52. Kh5 Kg3 53. g5 Kh3 54. g6 Kg3 55. g7 Kh3 56. g8Q h1Q 57. Bxh1 Kh2 58. Qg2# 1-0

[Event "ESP-ch U12 rapid"]
[Site "Salobrena"]
[Date "2023.07.16"]
[Round "7"]
[White "Sukhodolskyi, Oleksii"]
[Black "Alfaro Aldunate, Amaya"]
[Result "1-0"]
[WhiteElo "1451"]
[BlackElo "1248"]
[PlyCount "106"]
[EventDate "2023.07.15"]
[EventType "swiss (rapid)"]
[EventRounds "9"]
[EventCountry "ESP"]
[SourceTitle "EXT 2024"]
[Source "ChessBase"]
[SourceDate "2023.10.10"]
[SourceVersion "1"]
[SourceVersionDate "2023.10.10"]
[SourceQuality "1"]

1. e4 c5 2. Nf3 Nc6 3. d4 cxd4 4. Nxd4 g6 5. Nc3 Bg7 6. Be3 Nf6 7. Bc4 Qa5 8. 0-0 Qb4 9. Bb3 a6 10. a3 Qd6 11. Nxc6 Qxc6 12. f3 0-0 13. e5 Ne8 14. Nd5 Kh8 15. Nxe7 Qc7 16. Nd5 Qxe5 17. c3 Qd6 18. Nb6 Qxd1 19. Raxd1 Rb8 20. Nxc8 Rxc8 21. Rxd7 Rc7 22. Rfd1 Rxd7 23. Rxd7 Kg8 24. Rxb7 Nd6 25. Rb6 Rd8 26. h3 Nf5 27. Bf2 Rd2 28. Rb8+ Bf8 29. Bc5 Nd6 30. Bxd6 Rxd6 31. Rb7 Rf6 32. Bc4 a5 33. Rb5 Rc6 34. Bb3 Ra6 35. Rb7 Rf6 36. Kh2 Bd6+ 37. Kg1 Bc5+ 38. Kf1 Be3 39. Ke2 Bc1 40. Kd1 Bf4 41. Bd5 h5 42. Ra7 Rf5 43. Rxa5 Kg7 44. c4 Bc7 45. Rc5 Bb6 46. Rc6 Bd4 47. b4 Bb2 48. a4 Ba3 49. b5 Bb4 50. b6 Rf4 51. Be4 f5 52. b7 fxe4 53. b8Q Rf8 1-0

[Event "ESP-ch U12"]
[Site "Salobrena"]
[Date "2023.07.12"]
[Round "4"]
[White "Calvo Miguez, Sergio"]
[Black "Sukhodolskyi, Oleksii"]
[Result "0-1"]
[WhiteElo "1295"]
[BlackElo "1600"]
[PlyCount "110"]
[EventDate "2023.07.10"]
[EventType "swiss"]
[EventRounds "9"]
[EventCountry "ESP"]
[SourceTitle "EXT 2024"]
[Source "ChessBase"]
[SourceDate "2023.10.10"]
[SourceVersion "1"]
[SourceVersionDate "2023.10.10"]
[SourceQuality "1"]

1. e4 e6 2. d4 d5 3. exd5 exd5 4. Bd3 Bd6 5. Ne2 Ne7 6. Bf4 Bxf4 7. Nxf4 Qd6 8. Qd2 0-0 9. 0-0 Bf5 10. Re1 Nbc6 11. c3 Bxd3 12. Nxd3 a6 13. Na3 Ng6 14. Re2 b6 15. Rae1 Qd7 16. Nf4 Nce7 17. Nc2 a5 18. Nd3 Rae8 19. Ne5 Nxe5 20. Rxe5 Ng6 21. Rxe8 Rxe8 22. Re2 Kf8 23. Qe1 Nf4 24. Rxe8+ Qxe8 25. Qe3 Ne6 26. b3 Qc6 27. Qd3 g6 28. Qe3 Ke7 29. Kf1 Qb5+ 30. Qe2 Qxe2+ 31. Kxe2 Nf4+ 32. Kf3 Nd3 33. Ke3 Nc1 34. Kd2 Nxa2 35. Na3 c6 36. Kc2 b5 37. Kb2 Nxc3 38. Nc2 Nd1+ 39. Kc1 Nxf2 40. b4 Nd3+ 41. Kd2 Nxb4 42. Nxb4 axb4 43. Kc2 Kf6 44. Kb3 Kf5 45. Kxb4 Ke4 46. Kc5 b4 47. Kxb4 Kxd4 48. h3 c5+ 49. Kb3 Kd3 50. g4 c4+ 51. Kb2 Kd2 52. h4 c3+ 53. Ka2 c2 54. h5 c1Q 55. hxg6 Kc2 0-1

[Event "ESP-ch U12"]
[Site "Salobrena"]
[Date "2023.07.12"]
[Round "5"]
[White "Sukhodolskyi, Oleksii"]
[Black "Herraiz Gomez, Iker"]
[Result "1/2-1/2"]
[WhiteElo "1600"]
[BlackElo "1787"]
[PlyCount "50"]
[EventDate "2023.07.10"]
[EventType "swiss"]
[EventRounds "9"]
[EventCountry "ESP"]
[SourceTitle "EXT 2024"]
[Source "ChessBase"]
[SourceDate "2023.10.10"]
[SourceVersion "1"]
[SourceVersionDate "2023.10.10"]
[SourceQuality "1"]

1. e4 e6 2. d4 d5 3. exd5 exd5 4. Bd3 c5 5. Nf3 Nc6 6. dxc5 Bxc5 7. 0-0 Nf6 8. Re1+ Be7 9. h3 0-0 10. c3 h6 11. Be3 Be6 12. Nbd2 b6 13. Nb3 Ne4 14. Nbd4 Bd7 15. Nxc6 Bxc6 16. Nd4 Bb7 17. Nf5 Bg5 18. Qf3 Bxe3 19. Rxe3 Qf6 20. Nd4 Qh4 21. Nf5 Qf6 22. Nd4 Qh4 23. Nf5 Qf6 24. Nd4 Qh4 25. Nf5 Qf6 1/2-1/2

[Event "ESP-ch U12"]
[Site "Salobrena"]
[Date "2023.07.11"]
[Round "3"]
[White "Sukhodolskyi, Oleksii"]
[Black "Krauchi Romero, Martin"]
[Result "1/2-1/2"]
[WhiteElo "1600"]
[BlackElo "1907"]
[PlyCount "63"]
[EventDate "2023.07.10"]
[EventType "swiss"]
[EventRounds "9"]
[EventCountry "ESP"]
[SourceTitle "EXT 2024"]
[Source "ChessBase"]
[SourceDate "2023.10.10"]
[SourceVersion "1"]
[SourceVersionDate "2023.10.10"]
[SourceQuality "1"]

1. e4 c5 2. Nf3 g6 3. d4 cxd4 4. Nxd4 Nc6 5. Nc3 Bg7 6. Be3 Nf6 7. Bc4 0-0 8. 0-0 d6 9. h3 Bd7 10. Qd2 Nxd4 11. Bxd4 Bc6 12. Bd5 Qc7 13. Rad1 a6 14. a3 Rac8 15. Rfe1 Nd7 16. Bxg7 Kxg7 17. Re2 Nb6 18. Bb3 Nd7 19. Bd5 Kg8 20. Bb3 b5 21. Nd5 Bxd5 22. exd5 Nc5 23. Ba2 Rfe8 24. Rde1 Qd7 25. b4 Na4 26. Bb3 Nb6 27. Qd4 Rb8 28. Kh2 Rb7 29. c4 bxc4 30. Bxc4 Nxc4 31. Qxc4 Qb5 32. Qxb5 1/2-1/2

[Event "San Vicente del Raspeig op 3rd"]
[Site "San Vicente del Raspeig"]
[Date "2022.12.26"]
[Round "1"]
[White "Marin Ferragut, Pau"]
[Black "Sukhodolskyi, Oleksii"]
[Result "1-0"]
[WhiteElo "2098"]
[BlackElo "1498"]
[PlyCount "55"]
[EventDate "2022.12.26"]
[EventType "swiss"]
[EventRounds "9"]
[EventCountry "ESP"]
[SourceTitle "CBM 212 Extra"]
[Source "ChessBase"]
[SourceDate "2023.03.31"]
[SourceVersion "1"]
[SourceVersionDate "2023.03.31"]
[SourceQuality "1"]

1. c4 e6 2. Nf3 d5 3. g3 Nf6 4. Bg2 Be7 5. 0-0 0-0 6. b3 c6 7. Bb2 Nbd7 8. e3 a5 9. Nc3 Nb6 10. cxd5 Nbxd5 11. Rc1 Nxc3 12. Bxc3 Nd5 13. Bd4 Bf6 14. Bc5 Be7 15. d4 Bxc5 16. Rxc5 Bd7 17. e4 Nf6 18. Qe2 a4 19. b4 Qb6 20. a3 Qa6 21. Qc2 b6 22. Rc3 Rac8 23. Rc1 Rc7 24. Ne5 Rfc8 25. d5 Be8 26. d6 Qb5 27. f4 Rb7 28. Bf1 1-0